000 00584 a2200217 4500
005 20240326153928.0
008 240315b |||||||| |||| 00| 0 eng d
020 _a9789355730572
_cRs. 999.00
040 _aMAIN
082 _a658.4
_bG875O(13)
100 _aGriffin, Ricky W
245 _aOrganizational behavior: Managing people and organizations
250 _a13th
260 _bCengage India
_aDelhi
_c2022
300 _axxv, 576
650 _aManagement
650 _aOrganizational Behavior
700 _aPhillips, Jean M
700 _aGully, Stanley M
942 _cBK
999 _c311397
_d311397